=LDR 00000nam 2200000 4500 =001 INLIS000000000000863 =005 20130612085302 =008 ***********************************nd** =035 ##$$0010-061300000000863 =041 ##$$a nd =082 ##$$a 581.1 =090 ##$$a 581.1, Hed-e =100 ##$$a Heddy, Suwasono =245 ##$$a Ekofisiologi pertanaman, suatu tinjauan aspek fisik lingkungan pertanaman, Suwasono Heddy =260 ##$$a 1987 $b Bandung =300 ##$$a xix 138 hlm, ilus, 21 cm =650 ##$$a Fisiologi tanaman =850 ##$$a NBPNMAT =990 ##$$a 0001/BPAP-NTB/2016